LEADER 01064nam a2200229 4500 001 000000356350 003 CaOOAMICUS 005 20240117095023.0 008 231205s2003 it a 000 u ita r 040 $aSeMil$bita 100 1 $aCavassini, Jolanda.$0(OLS)http://semarc/name/118768 245 13$aIl medico di Grajaú :$bpadre Alberto Beretta missionario cappuccino in Brasile /$cJolanda Cavassini, Virginia Beretta. 264 1$aRoma :$bLuci sull'Est,$c2003. 300 $a159 p. :$bill. ;$c21 cm 600 14$aBeretta, Alberto .$0(OLS)http://semarc/subject/22191 700 1 $aBeretta, Virginia,$d<1925- >.$0(OLS)http://semarc/name/45401 850 $aSeMil 852 $aSeMil$W1$xVenegono$y1$m3F II 1177$j247020$B247519$CSeMilBibl$Z2$F247519 $81 961 $aCaspani don Pierpaolo - Omaggio 996 $6245$aIl medico di Grajaú :$bpadre Alberto Beretta missionario cappuccino in Brasile$9(OLS)http://semarc/title/446611 996 $6264$aRoma :$bLuci sull'Est$9(OLS)http://semarc/publisher/46576 LEADER 01126nam a2200265 i 4500 001 000000121204 003 CaOOAMICUS 005 20080222000000.0 008 080222s2002 fr u000 u fre u 013 $a93898 020 $a2-204-06922-1 040 $aSeMil$bita 100 1 $aChalier, Catherine,$d<1947- >.$0(OLS)http://semarc/name/50382 245 13$aLa trace de l'infini :$bEmmanuel Levinas et la source hébraïque /$cCatherine Chalier. 260 $aParis :$bLes Éditions du Cerf,$c2002. 300 $a267 p. ;$c22 cm. 490 0 $aPhilosophie & théologie 600 14$aLévinas, Emmanuel <1906-1995>.$0(OLS)http://semarc/subject/8768 830 0$aPhilosophie & théologie.$0(OLS)http://semarc/title/8604 850 $aSeMil 852 $aSeMil$W1$xVenegono$y1$m2XA A 23$j76303$B76303$CSeMilBibl$Z2$F77740 $81 961 $aAcquisto: SODIS 996 $6020$a2-204-06922-1$9(OLS)http://semarc/number/106560 996 $6245$aLa trace de l'infini :$bEmmanuel Levinas et la source hébraïque$9(OLS)http://semarc/title/178397 996 $6260$aParis :$bLes Éditions du Cerf$9(OLS)http://semarc/publisher/29611